Manažment finančných rizík podniku : implementácia derivátových kontraktov /

Saved in:
Bibliographic Details
Main Author: Markovič, Peter 1974- (Author)
Format: Book
Language:Slovak
Published: Bratislava : Iura Edition, 2007
Edition:1. vyd.
Series:Ekonómia
Subjects:
ISBN:9788080781323
Online Access: Get full text
Tags: Add Tag
No Tags, Be the first to tag this record!

MARC

LEADER 00000aam a2200000 4500
003 SK-BrCVT
005 20220621163400.0
008 071206s2007 xo e ||||||slo d
020 |a 9788080781323 
035 |a CVTIDW1426696 
040 |b slo  |a CVTI SR  |e AACR2 
041 0 |a slo 
044 |a xo 
080 |a 336:658.1  |2 UDC-MRF 
080 |a 65.011.3:336  |2 UDC-MRF 
100 1 |a Markovič, Peter  |d 1974-,  |4 aut 
245 1 0 |a Manažment finančných rizík podniku :  |b implementácia derivátových kontraktov /  |c Autori: Peter Markovič ... et al. 
250 |a 1. vyd. 
260 |a Bratislava :  |b Iura Edition,  |c 2007 
300 |a 383 s. :  |b fotogr., grafy, lit., obr., tab. +  |e 1 CD-ROM 
490 1 |a Ekonómia  |3 0554808 
653 1 |a finančné inžinierstvo  |a forward  |a futurita  |a opčný kontrakt  |a swap  |a kreditný derivát 
760 1 |t Ekonómia 
910 |b A603566  |b A603764 
919 |a 978-80-8078-132-3 
974 |f Knihy 
992 |a AMG 
999 |c 156511  |d 156511